Delhi-6 (Record no. 34361)
[ view plain ]
| 000 -LEADER | |
|---|---|
| fixed length control field | 03262ngm a2200469 4500 |
| 003 - CONTROL NUMBER IDENTIFIER | |
| control field | dpl |
| 005 - DATE AND TIME OF LATEST TRANSACTION | |
| control field | 20100303161211.0 |
| 007 - PHYSICAL DESCRIPTION FIXED FIELD--GENERAL INFORMATION | |
| fixed length control field | ta |
| 008 - FIXED-LENGTH DATA ELEMENTS--GENERAL INFORMATION | |
| fixed length control field | ||||||sp199 xxu|||||c ||| 00| 0 ng d |
| 010 ## - LIBRARY OF CONGRESS CONTROL NUMBER | |
| LC control number | DVD-005843-5850 & DVD-006353 |
| 024 ## - OTHER STANDARD IDENTIFIER | |
| Standard number or code | DHIF1698S, DHUIF1699 |
| Terms of availability | 149.00 |
| 035 ## - SYSTEM CONTROL NUMBER | |
| System control number | DVD-005843-5850 |
| 035 ## - SYSTEM CONTROL NUMBER | |
| System control number | DVD-006353 |
| 040 ## - CATALOGING SOURCE | |
| Original cataloging agency | DPL |
| Transcribing agency | DPL |
| 082 ## - DEWEY DECIMAL CLASSIFICATION NUMBER | |
| Classification number | DVD DELH |
| 245 ## - TITLE STATEMENT | |
| Title | Delhi-6 |
| Statement of responsibility, etc | UTV Motion Pictures Presents |
| Medium | [videorecording] DVD/ |
| 260 ## - PUBLICATION, DISTRIBUTION, ETC. (IMPRINT) | |
| Name of publisher, distributor, etc | Moserbaer Entertainment |
| 300 ## - PHYSICAL DESCRIPTION | |
| Extent | 2 videodisc DVD; |
| Other physical details | sd., col. ; |
| Dimensions | 4 3/4 in. |
| Type of unit | DVD |
| 440 ## - SERIES STATEMENT/ADDED ENTRY--TITLE | |
| Title | Moserbaer Home Entertainment |
| 500 ## - GENERAL NOTE | |
| General note | Moserbaer India Ltd. has obtained the necessary license/consent from the owner of the copyright in the works for making this DVD Film. |
| 538 ## - SYSTEM DETAILS NOTE | |
| System details note | Dolby Digital 5.1 - Hindi Subtitles: English |
| 538 ## - SYSTEM DETAILS NOTE | |
| System details note | This DVD can be played back on DVD Players, multimedia systems & PC with MPEG card interactive with version 2.0 players. |
| 650 ## - SUBJECT ADDED ENTRY--TOPICAL TERM | |
| Topical term or geographic name as entry element | Motion Picture |
| 700 ## - ADDED ENTRY--PERSONAL NAME | |
| Personal name | Mehra, Rakesh Om Prakash |
| 700 ## - ADDED ENTRY--PERSONAL NAME | |
| Personal name | Screwvala, Ronnie |
| 700 ## - ADDED ENTRY--PERSONAL NAME | |
| Personal name | Rehmna, A.R. |
| 700 ## - ADDED ENTRY--PERSONAL NAME | |
| Personal name | Joshi, Prasoon |
| 700 ## - ADDED ENTRY--PERSONAL NAME | |
| Personal name | Bachchan, Abishek |
| 700 ## - ADDED ENTRY--PERSONAL NAME | |
| Personal name | Kapoor, Sonam |
| 942 ## - ADDED ENTRY ELEMENTS (KOHA) | |
| Koha item type | CD-ROMs, DVDs, VHS |
| Source of classification or shelving scheme | Dewey Decimal Classification |
| Classification part | DVD |
| Call number suffix | DELH |
| Withdrawn status | Lost status | Source of classification or shelving scheme | Damaged status | Not for loan | Home library | Current library | Date acquired | Source of acquisition | Cost, normal purchase price | Total Checkouts | Full call number | Barcode | Date last seen | Date checked out | Copy number | Cost, replacement price | Price effective from | Koha item type | Total Renewals |
|---|---|---|---|---|---|---|---|---|---|---|---|---|---|---|---|---|---|---|---|
| Dewey Decimal Classification | Central Library | Central Library | 03/03/2010 | Pioneers/1003/17-11-09/325/13-10-09 /30-11-09 | 149.00 | 16 | DVD DELH | DVD-005843 | 13/02/2013 | 30/01/2013 | 1 | 149.00 | 03/03/2010 | CD-ROMs, DVDs, VHS | |||||
| Dewey Decimal Classification | Janak Puri | Janak Puri | 11/03/2010 | Pioneers/1099/25-12-09/325/13-10-09 /30-12-09 | 149.00 | 8 | DVD DELH | DVD-006353 | 30/06/2011 | 15/06/2011 | 1 | 149.00 | 11/03/2010 | CD-ROMs, DVDs, VHS | |||||
| Dewey Decimal Classification | Karol Bagh | Karol Bagh | 03/03/2010 | Pioneers/1003/17-11-09/325/13-10-09 /30-11-09 | 149.00 | 15 | DVD DELH | DVD-005848 | 15/05/2015 | 30/04/2015 | 1 | 149.00 | 03/03/2010 | CD-ROMs, DVDs, VHS | |||||
| Dewey Decimal Classification | Narela | Narela | 03/03/2010 | Pioneers/1003/17-11-09/325/13-10-09 /30-11-09 | 149.00 | 6 | DVD DELH | DVD-005849 | 23/07/2012 | 20/07/2012 | 1 | 149.00 | 03/03/2010 | CD-ROMs, DVDs, VHS | |||||
| Dewey Decimal Classification | Patel Nagar | Patel Nagar | 03/03/2010 | Pioneers/1003/17-11-09/325/13-10-09 /30-11-09 | 149.00 | 16 | DVD DELH | DVD-005844 | 28/10/2013 | 06/10/2013 | 1 | 149.00 | 03/03/2010 | CD-ROMs, DVDs, VHS | |||||
| Dewey Decimal Classification | R.K.Puram-8 | R.K.Puram-8 | 03/03/2010 | Pioneers/1003/17-11-09/325/13-10-09 /30-11-09 | 149.00 | 7 | DVD DELH | DVD-005846 | 29/04/2014 | 28/04/2014 | 1 | 149.00 | 03/03/2010 | CD-ROMs, DVDs, VHS | |||||
| Dewey Decimal Classification | Sarojini Nagar | Sarojini Nagar | 03/03/2010 | Pioneers/1003/17-11-09/325/13-10-09 /30-11-09 | 149.00 | 29 | DVD DELH | DVD-005845 | 11/03/2013 | 09/02/2013 | 1 | 149.00 | 03/03/2010 | CD-ROMs, DVDs, VHS | 1 | ||||
| Dewey Decimal Classification | Shahdara Branch | Shahdara Branch | 03/03/2010 | Pioneers/1003/17-11-09/325/13-10-09 /30-11-09 | 149.00 | DVD DELH | DVD-005850 | 03/03/2010 | 1 | 149.00 | 03/03/2010 | CD-ROMs, DVDs, VHS | |||||||
| Dewey Decimal Classification | Vinoba Puri | Vinoba Puri | 03/03/2010 | Pioneers/1003/17-11-09/325/13-10-09 /30-11-09 | 149.00 | 6 | DVD DELH | DVD-005847 | 29/08/2013 | 22/08/2013 | 1 | 149.00 | 03/03/2010 | CD-ROMs, DVDs, VHS | 1 |
